UBT Library

Human resources research, 1887-1987 : (Record no. 42937)

000 -LEADER
fixed length control field 00602nam a2200217 a 4500
001 - CONTROL NUMBER
control field 4772351
005 - DATE AND TIME OF LATEST TRANSACTION
control field 20180220085428.0
008 - FIXED-LENGTH DATA ELEMENTS--GENERAL INFORMATION
fixed length control field 861210s1986 iaua b s100 0 eng
010 ## - LIBRARY OF CONGRESS CONTROL NUMBER
LC control number 86073132
040 ## - CATALOGING SOURCE
Original cataloging agency DLC
Transcribing agency DLC
Modifying agency DLC
041 ## - LANGUAGE CODE
Language code of text/sound track or separate title eng
043 ## - GEOGRAPHIC AREA CODE
Geographic area code n-us---
080 ## - UNIVERSAL DECIMAL CLASSIFICATION NUMBER
Universal Decimal Classification number 640.71 RUT
082 00 - DEWEY DECIMAL CLASSIFICATION NUMBER
Classification number 640.71 RUT
Edition number 19
100 ## - Rafti
Rafti 52
101 ## - Shkurtesa
Shkurtesa BNJ
245 00 - TITLE STATEMENT
Title Human resources research, 1887-1987 :
Statement of responsibility, etc edited by Ruth E. Deacon and Wallace E. Huffman.
504 ## - BIBLIOGRAPHY, ETC. NOTE
Bibliography, etc Includes bibliographies.
906 ## - LOCAL DATA ELEMENT F, LDF (RLIN)
a 7
b cbc
c orignew
d 2
e opcn
f 19
g y-gencatlg
942 ## - ADDED ENTRY ELEMENTS (KOHA)
Source of classification or shelving scheme
Item type Books
Holdings
Withdrawn status Lost status Source of classification or shelving scheme Damaged status Not for loan Collection code Permanent location Current location Shelving location Date acquired Total Checkouts Full call number Barcode Date last seen Price effective from Koha item type
          Koleksioni i përgjithshem UBT - Lipjan UBT - Lipjan Koleksioni i përgjithshem 02/20/2018   640.71 RUT 002-2999385 02/20/2018 02/20/2018 Books
UBT Library © 2015-2024. All rights reserved University Education for Business and Technology